Modèles finis
Zapisane w:
| 1. autor: | |
|---|---|
| Format: | Książka |
| Język: | francuski |
| Wydane: |
París
Cedic
1973
|
| Hasła przedmiotowe: | |
| Etykiety: |
Dodaj etykietę
Nie ma etykietki, Dołącz pierwszą etykiete!
|
MARC
| LEADER | 00000nam a2200000 a 4500 | ||
|---|---|---|---|
| 001 | UCQ8588 | ||
| 003 | CL-VaPUC | ||
| 008 | 981210e19730000FR |||||||||||||||||fre|d | ||
| 082 | 0 | 4 | |a 512.2 |b MYX |2 21 |
| 100 | |a Myx, André |e auteur |9 422636 | ||
| 245 | 1 | 0 | |a Modèles finis |
| 300 | |a 168 p | ||
| 942 | |c BK | ||
| 945 | |d 19981210 00:00:00 |a cmena | ||
| 260 | |a París |b Cedic |c 1973 | ||
| 650 | 0 | |a Matemática |9 260235 | |
| 650 | 0 | |a Teoría de grupos |9 270028 | |
| 650 | 7 | |a GRUPOS |2 CL-VaPUC |9 336429 | |
| 650 | 0 | |a Aritmética |9 270049 | |
| 650 | 7 | |a ISOMORFISMOS |2 CL-VaPUC |9 343073 | |
| 650 | 0 | |a Geometría |9 264063 | |
| 650 | 0 | |a Álgebra |9 259567 | |
| 583 | |a last modification |c 19981210 00:00:00 |k Rodrigo Vera | ||
| 999 | |c 277807 |d 277805 | ||
| 952 | |0 0 |1 0 |4 0 |6 512_200000000000000_MYX_1973 |7 0 |8 A |9 316019 |a BIBMAT |b BIBMAT |d 2019-11-20 |i 1307274 |o 512.2 MYX 1973 |p 1307274 |r 2025-01-07 |w 2019-11-20 |y BK |k MAT | ||